| 000 | 01536nem a2200397 ia4500 | ||
|---|---|---|---|
| 001 | 20366 | ||
| 003 | CZ PrNK | ||
| 005 | 20260121141309.0 | ||
| 007 | ad canzn | ||
| 008 | 230329s1959 xo z e 1 slo | ||
| 020 | _q(Vázáno) | ||
| 034 | 0 | _aa | |
| 040 |
_aABA001 _bcze _erda |
||
| 043 | _ax------ | ||
| 072 | 7 |
_a913 _xRegionální geografie _2Konspekt |
|
| 072 | 7 |
_a912 _xMapy. Atlasy. Glóby _2Konspekt |
|
| 080 |
_a913(100) _2MRF |
||
| 080 |
_a(084.41)(100) _2MRF |
||
| 110 | 2 |
_aKartografický a reprodukčný ústav (Modra, Slovensko) _4ctg |
|
| 245 | 1 | 0 |
_aMalý atlas sveta / _cspracoval Kartografický a reprodukčný ústav v Modre-Harmónii v spolupráci s Kartografickým a reprodukčným ústavom v Prahe ; hlavný redaktor Antonín Koláčný |
| 250 | _a2. doplnené slovenské vydanie | ||
| 255 | _aMěřítka různá | ||
| 264 | 1 |
_aBratislava : _bSpráva geodézie a kartografie na Slovensku, _c1959 |
|
| 300 |
_a1 atlas (2 svazky) : _bbarevné ; _c22 x 30 cm |
||
| 336 |
_akartografický obraz _bcri _2rdacontent |
||
| 337 |
_abez média _bn _2rdamedia |
||
| 338 |
_asvazek _bnc _2rdacarrier |
||
| 504 | _aObsahuje bibliografii a rejstřík | ||
| 505 | 0 | _aSvazek 1. (7 nečíslovaných stran, 122 mapových listů) -- Svazek 2. 384 stran | |
| 650 | 0 | 7 |
_aregionální geografie světa _2czenas |
| 655 | 7 |
_aatlasy světa _2czenas |
|
| 700 | 1 |
_aKoláčný, Antonín, _d1910-1992 _4edt |
|
| 710 | 2 |
_aKartografický a reprodukční ústav (Praha, Česko) _4ctg |
|
| 910 | _aABA001 | ||
| 942 |
_2ddc _cOLDO _n0 |
||
| 999 |
_c20366 _d20366 |
||